Operations management

שמור ב:
מידע ביבליוגרפי
מחבר ראשי: Stevenson, William J.
פורמט: ספר
שפה:Undetermined
יצא לאור: Boston McGraw-Hill 2005
נושאים:
תגים: הוספת תג
אין תגיות, היה/י הראשונ/ה לתייג את הרשומה!
Thư viện lưu trữ: Trung tâm Học liệu Trường Đại học Cần Thơ
LEADER 00475nam a2200181Ia 4500
001 CTU_213131
008 210402s9999 xx 000 0 und d
082 |a 658.522 
082 |b S847 
100 |a Stevenson, William J. 
245 0 |a Operations management 
245 0 |c William J.Stevenson 
260 |a Boston 
260 |b McGraw-Hill 
260 |c 2005 
650 |a Production management 
904 |i M.Loan 
980 |a Trung tâm Học liệu Trường Đại học Cần Thơ